000 00432nam a2200193Ia 4500
005 20240823022748.0
008 240823s9999||||xx |||||||||||||| ||und||
020 _a978-0230-63519-7
041 _aENGLISH
082 _A332.12
100 _a"Rosetree,Rose"
245 4 _aThe Power of Face Reading
250 _a2nd
260 _c2008
_bMacm
500 _aYES
650 _aReading
_bGeneral
942 _cBK
999 _c179939
_d179939